000 00378nam a2200145Ia 4500
008 100204s9999 xx 000 0 und d
082 _b9456
100 _aशहा सुभाष
245 _aडूख
260 _b"मधुर पब्लिकेशन , पुणे 2"
_c1987
300 _a160
630 _aडूख
730 _aडूख
942 _cBOOK
999 _c453892
_d453889